000
00296nam a2200109Ia 4500
008
220214s9999 xx 000 0 und d
100
_a
Surugue C
245
0
_a
Distribution of carbon-black in the NR/BR associations
260
_b
Caoutchoucs et Plastiques
_c
1987
300
_a
139-143
942
_c
RE
999
_c
46048
_d
46048